=LDR 00000nam 2200000 4500 =001 NUTBA000000000003466 =005 20140819161043.0 =006 =007 =008 =035 ##$$a 0010-081400000000311 =040 ##$$a NBPDMAT =082 ##$$a 510 =090 ##$$a 510 $b Nel l =100 ##$$a Nelli Marselinasiktimu =245 ##$$a LKS utama matematika 7 kelas vii semester 2 / $c Nelli Marselinasiktimu ; penyunting, Diah Martina Sawitri =260 ##$$a Jakarta : $b Dian Rakyat, $c 2007 =300 ##$$a 72 hlm. ; $c 27 cm. =650 ##$$a Matematika SMP - LKS =700 ##$$a Diah Martina Sawitri =850 ##$$a NBPDMAT =990 ##$$a 21407432